Представление документа в формате MARC21

Поле Инд. ПП Название Значение
Тип записи a
Библиографический уровень m
001 Контрольный номер RU/IS/BASE/264552323
005 Дата корректировки 20250806150147.3
008 Кодируемые данные 19981029
020 00 a ISBN 5-7567-0195-8
040 00 e Правила каталог. Л.М. 981029
084 a Индекс другой классификации/Индекс ББК 60.561.2я73-2; 60.53я73-2; 65.272я73-2; 65.011.22я73-2
090 00 a Полочн. индекс 60.561.2я73-2
x Авторский знак Р 15
097 00 a 220
100 10 a Автор Радаев В. В.
q Полное имя Радаев Вадим Валерьевич
245 00 a Заглавие Экономическая социология
b Продолж. заглавия курс лекций: учебное пособие
c Ответственность редактор А. Г. Гридчина
260 00 a Место издания Москва
b Издательство Аспект Пресс
c Дата издания 1997
300 00 a Объем 368 с.
336 a Термин вида содержания Текст
337 a Термин типа средства непосредственный
440 00 a Серия Программа "Высшее образование"
504 00 a Библиография Прил.: с. 351-365. - Библиогр.: с. 343-350
600 a Персоналии Беккер Гари
a Персоналии Бем-Баверк Эйген
a Персоналии Бентам Иеремия
a Персоналии Веблен Торстейн
a Персоналии Грановеттер Марк
a Персоналии Кейнс Джон Мейнард
a Персоналии Коммонс Джон
a Персоналии Коулмен Джеймс С.
a Персоналии Мальтус Томас Роберт
a Персоналии Маркс Карл
a Персоналии Маршалл Альфред
a Персоналии Менгер Карл
a Персоналии Милль Джон Стюарт
a Персоналии Найт Фрэнк Хайнеман
a Персоналии Оуэн Роберт
a Персоналии Рикардо Давид
a Персоналии Саймон Герберт
a Персоналии Сен-Симон Клод Анри де Рувруа
a Персоналии Сисмонди Симонд Жан Шарль Леонар де
a Персоналии Смит Адам
a Персоналии Стиглер Джордж
a Персоналии Фурье Шарль
a Персоналии Хоманс Джордж Каспар
a Персоналии Шмоллер Густав фон
650 a Основная рубрика социология
a Основная рубрика экономическая социология
653 00 a Ключевые слова бихевиоризм
a Ключевые слова взаимоотношения
a Ключевые слова домашние хозяйства (домохозяйства)
a Ключевые слова занятость
a Ключевые слова знания
a Ключевые слова идеология
a Ключевые слова институционализм
a Ключевые слова история социологической мысли
a Ключевые слова классическая политическая экономия
a Ключевые слова классическое направление
a Ключевые слова контроль
a Ключевые слова культура
a Ключевые слова личность
a Ключевые слова макроэкономическая теория
a Ключевые слова методология социологии
a Ключевые слова мировоззрение
a Ключевые слова моральная философия
a Ключевые слова мыслители
a Ключевые слова навыки
a Ключевые слова научные направления
a Ключевые слова неоклассическое направление
a Ключевые слова новейшее время
a Ключевые слова новое время
a Ключевые слова ордолиберализм
a Ключевые слова парадигмы
a Ключевые слова политическая экономия
a Ключевые слова постсоветское общество
a Ключевые слова потребление
a Ключевые слова предпринимательство
a Ключевые слова распределение ресурсов
a Ключевые слова рациональность
a Ключевые слова Россия
a Ключевые слова рынок труда
a Ключевые слова самоутверждение
a Ключевые слова система отношений занятости
a Ключевые слова советское общество
a Ключевые слова современное состояние
a Ключевые слова социализация
a Ключевые слова социальная иерархия
a Ключевые слова социальная теория
a Ключевые слова социально-экономические направления
a Ключевые слова социальное расслоение
a Ключевые слова социальные группы
a Ключевые слова социологи
a Ключевые слова социологическая эволюция
a Ключевые слова социологический анализ
a Ключевые слова социология личности
a Ключевые слова способы идентификации
a Ключевые слова справедливость
a Ключевые слова стратификационная теория
a Ключевые слова теория рационального выбора
a Ключевые слова труд
a Ключевые слова трудовой процесс
a Ключевые слова трудовые отношения
a Ключевые слова хозяйственная мотивация
a Ключевые слова хозяйственная система
a Ключевые слова хозяйственные средства организации
a Ключевые слова ценности
a Ключевые слова человек
a Ключевые слова эволюционизм
a Ключевые слова экономическая теория
a Ключевые слова экономическая эволюция
a Ключевые слова эмпирические методы
655 00 a Жанр/ форма (устаревшее) учебное пособие
700 a Автор Гридчина А. Г.
e Роль лиц редактор
787 w Контрольный номер связываемой записи RU/IS/BASE/101919012
901 t Тип документа m
952 a Тип литературы для КСУ ВШ УИ